El redescubrimiento de la comunidad

El concepto de comunidad tiene un valor polisémico. La sociología ha descubiertorelaciones comunitarias en casi todas las instituciones sociales, confundiendo, con frecuenciala necesidad del encuentro social con la persistencia de la comunidad. En condicionesmodernas ni la escisión-público-privado n...

Full description

Bibliographic Details
Main Author: Gurruchaga, Ander
Format: Analitica de revista
Language:Spanish
Published: España: Centro de Investigaciones Sociológicas, 1991.
Subjects:
Online Access:Acceso electrónico al documento

MARC

LEADER 00000nam a22000007a 4500
008 200414s1991 sp |||| o|||| 00| 0 spa d
952 |0 0  |1 0  |4 0  |6 RECURSO_ELECTRÓNICO  |7 0  |8 BAS  |9 93698  |a BC  |b BC  |c General  |d 2020-04-17  |l 0  |o RECURSO ELECTRÓNICO  |r 2020-04-17 00:00:00  |w 2020-04-17  |y REVA  |A 8  |B PSI  |C 11 
999 |c 53321  |d 53321 
040 |c UAHC 
100 |9 11653  |a Gurruchaga, Ander 
245 |a El redescubrimiento de la comunidad   |c Ander Gurruchaga. 
260 |a España:  |b Centro de Investigaciones Sociológicas,  |c 1991. 
300 |a pp. 35-60 
500 |a En: Revista Española de Investigaciones Sociológicas, n°. 56, 1991. pp. 35-60. ISSN 1988-5903. 
500 |a Sitio visitado (http://www.reis.cis.es/REIS/PDF/REIS_056_04.pdf) el 14 de Abril de 2020. 
520 |a El concepto de comunidad tiene un valor polisémico. La sociología ha descubiertorelaciones comunitarias en casi todas las instituciones sociales, confundiendo, con frecuenciala necesidad del encuentro social con la persistencia de la comunidad. En condicionesmodernas ni la escisión-público-privado ni la esfera privada, ni los enclaves de vida, ni porsupuesto, la sociedad íntima o el narcisimo colectivo parecen motivo suficiente para refundarvalores comunitarios. Sólo el mantenimiento de un tipo u otro de tradición es elementosignificativo para crear comunidad. Aquellos grupos (étnicos, religiosos o de género) queaseguran su marco de referencia desde la memoria histórica son los poseedores del discurso comunitario. 
650 0 |9 3252  |a Comunidad  |x Aspectos sociales 
650 0 |9 10007  |a Filosofía de la sociología 
856 |u http://www.reis.cis.es/REIS/PDF/REIS_056_04.pdf  |y Acceso electrónico al documento  
900 |a RECURSO ELECTRÓNICO 
942 |c REVA